000
00302nam a2200121Ia 4500
005
20251222143158.0
008
251222s9999||||xx |||||||||||||| ||spa||
082
_a
869.521/V18
100
_a
Valcárcel, Carlos Daniel
245
0
_a
Garcilazo:
264
_b
Universidad Mayor de San Marcos
942
_c
LIB
999
_c
12953
_d
12953